Správa o menovom vývoji v SR za rok 1994. 2
Pokračovanie z č. 14/95. Veriteľsko - dlžnícka pozícia sektorov ekonomiky. Menová politika - regulácia vývoja peňažnej zásoby, nástroje menovej politiky, ich uplatňovanie. Zahraničné úverové a kapitálové vzťahy (MMF, IBRD, japonská Exim Bank, Európska investičná banka, Banka pre medzinárodné zúčtova...
Gespeichert in:
| Format: | Buchkapitel |
|---|---|
| Sprache: | Slowakisch |
| Schlagworte: | |
| Tags: |
Keine Tags, Fügen Sie das erste Tag hinzu!
|
MARC
| LEADER | 00000naa a2200000 4500 | ||
|---|---|---|---|
| 001 | r018598 | ||
| 005 | 20221205103120.9 | ||
| 041 | 0 | |a slo | |
| 044 | |a SK | ||
| 245 | 1 | 0 | |a Správa o menovom vývoji v SR za rok 1994. 2 |
| 520 | |a Pokračovanie z č. 14/95. Veriteľsko - dlžnícka pozícia sektorov ekonomiky. Menová politika - regulácia vývoja peňažnej zásoby, nástroje menovej politiky, ich uplatňovanie. Zahraničné úverové a kapitálové vzťahy (MMF, IBRD, japonská Exim Bank, Európska investičná banka, Banka pre medzinárodné zúčtovanie, EÚ, EBOR, Švajčiarska národná banka, ČSOB, MIB, MBHS). Finančný trh - vývoj na peňažnom trhu, vývoj na kapitálovom trhu. Bankový sektor - rozvoj bánk, podnikanie bánk. | ||
| 610 | 2 | 0 | |a vývoj menový |
| 610 | 2 | 0 | |a politika menová |
| 610 | 2 | 0 | |a zásoba peňažná |
| 610 | 2 | 0 | |a úver zahraničný |
| 610 | 2 | 0 | |a kapitál zahraničný |
| 610 | 2 | 0 | |a trh finančný |
| 610 | 2 | 0 | |a trh peňažný |
| 610 | 2 | 0 | |a trh kapitálový |
| 610 | 2 | 0 | |a banky |
| 610 | 2 | 0 | |a podnikanie |
| 610 | 2 | 0 | |a NBS Bratislava |
| 610 | 2 | 0 | |a Slovensko |
| 610 | 2 | 0 | |a 1994 |